000 00683nam a2200193 i 4500
001 136783
003 ES-MaACL
005 20250714072935.0
007 t|
008 070214s1961 sp r ||||1| spa d
100 1 _aSaiz Barberá, Juan.
_9101625
245 1 0 _aFilosofía del amor en Lulio
_b: tesis doctoral /
_cJuan Saiz Barberá.
260 _aMadrid :
_bFacultad de Filosofía y Letras,
_c1961.
300 _a31 p. ;
_c19 cm.
600 0 4 _aRamón Llull,
_cBeato,
_dca. 1232-1316?-
_xCrítica e interpretación
_995218
710 2 _aUniversidad Central (Madrid).
_bFacultad de Filosofía y Letras.
_97092
852 _aES-MaACL
_j2025-F-11
_bR.49341
999 _c136783
_d136783